00468nam a22001697a 4500003000600000005001700006008004100023020001500064040000800079082001800087100001900105245006700124260004300191300001600234440002500250650002300275GBCCL20241126110637.0181009b ||||| |||| 00| 0 eng d a1850810755 cGBC a220.0202bBEW aBewes, Richard aThe Bible Man Salvation /cby Richard Bewes and Robert T Hicks aEngland :bCreative publishing, c1981 av. ;c19cm. aCreative pocket book aBiblevpocket book